| 000 | 00496nam a2200157Ia 4500 | ||
|---|---|---|---|
| 999 |
_c7281 _d7281 |
||
| 008 | 201217s9999 xx 000 0 und d | ||
| 020 | _a0884108902 | ||
| 100 |
_aSmith, Robert B. _94609 |
||
| 245 | 3 |
_aAn introduction to social research: handbook of social science methods / _cby Robert B. Smith. |
|
| 260 |
_aCambridge _bCambridge University Press _c1983 |
||
| 300 | _a514p. | ||
| 490 | _vVol. I | ||
| 650 | 0 | _aSocial sciences - Methodology | |
| 700 |
_94609 _aSmith, Robert B. |
||
| 942 |
_cBK _2ddc |
||